|
|
|
|
| LEADER |
00000nac a2200000 a 4500 |
| 003 |
Ucuenca |
| 005 |
20230308230526.0 |
| 008 |
000000|1965 ag |||||r|||||||||||spa|| |
| 040 |
|
|
|b spa
|
| 041 |
1 |
|
|a es
|
| 082 |
0 |
|
|a 933
|
| 100 |
|
|
|a Marcus, Ralph
|9 232888
|
| 245 |
|
3 |
|a La época helenistica. La época talmudica
|c Ralph Marcus y Gerson D. Cohen
|h imp
|n tomo 2 y 3
|
| 246 |
|
1 |
|a The hellenistic age. The talmudic age
|
| 250 |
|
|
|a 1a edición
|
| 264 |
|
|
|a Buenos Aires
|b Paidós
|c 1965
|
| 300 |
|
|
|a 171 páginas:
|c 18 cm
|
| 490 |
|
|
|a Grandes Épocas e Ideas del Pueblo Judio
|n no. 2
|
| 650 |
|
0 |
|a Palestina
|9 61818
|
| 650 |
|
0 |
|a Judaismo
|9 20834
|
| 650 |
|
6 |
|a Historia universal
|9 3383
|
| 700 |
|
|
|a Cohen, Gerson D.
|9 232889
|
| 852 |
|
|
|a UC-CDJBV
|
| 942 |
|
|
|c CR
|2 ddc
|z luz.vázquez@ucuenca.edu.ec
|
| 999 |
|
|
|c 156948
|d 156948
|